000 00703nam a2200265 i 4500
001 C2-0247204
003 PPAK
005 20180727211821.0
008 030326s2002 enka|||| ||||| | eng d
020 _a0751347515
040 _aPPAK
_beng
_cPPAK
_erda
082 0 4 _a601.12
_223
090 0 0 _a601.12
_bTAM
_dR
100 1 _aTambini, Michael,
_eauthor
245 1 0 _aFuture
264 1 _aLondon :
_bDorling Kindersley ,
_c2002
300 _a73 pages :
_bcolour illustrations ;
_c28 cm
336 _2rdacontent
_atext
337 _2rdamedia
_aunmediated
338 _2rdacarrier
_avolume
490 1 _aEyewitness
650 1 0 _aTechnological forecasting
830 0 _aEyewitness
942 _ddc
_cB
999 _c61083
_d61083